|
|
|
|
| LEADER |
01235nam a2200337 a 4500 |
| 001 |
38032 |
| 003 |
BD-DhAAL |
| 005 |
20220313163308.0 |
| 008 |
220313t1987 nyu b 001 0 eng |
| 999 |
|
|
|c 43762
|d 43762
|
| 010 |
|
|
|a 87012067
|
| 020 |
|
|
|a 0802100120
|
| 020 |
|
|
|a 0802130275 (pbk.)
|
| 040 |
|
|
|a DLC
|c DLC
|d DLC
|d BD-DhAAL
|
| 043 |
|
|
|a d------
|
| 050 |
0 |
0 |
|a HC60
|b .L325 1987
|
| 082 |
0 |
0 |
|a 338.91
|2 19
|
| 100 |
1 |
|
|a Lappé, Frances Moore.
|9 46897
|
| 245 |
1 |
0 |
|a Betraying the national interest /
|c Francis Moore Lappé, Rachel Schurman and Kevin Danaher.
|
| 250 |
|
|
|a First edition
|
| 260 |
|
|
|a New York :
|b Grove Press,
|c 1987.
|
| 300 |
|
|
|a xi, 180 pages ;
|c 23 cm.
|
| 500 |
|
|
|a "A Food first book."
|
| 504 |
|
|
|a Includes bibliographical references and index.
|
| 541 |
|
|
|a Donated by Akbar Ali Khan
|e 38032
|
| 650 |
|
0 |
|a Economic assistance
|z Developing countries.
|9 46898
|
| 700 |
1 |
|
|a Schurman, Rachel.
|9 46899
|
| 700 |
1 |
|
|a Danaher, Kevin,
|d 1950-
|9 46900
|
| 852 |
|
|
|a Ayesha Abed Library
|c Akbar Ali Khan Collection
|
| 942 |
|
|
|2 ddc
|c BK
|
| 952 |
|
|
|0 0
|1 0
|2 ddc
|4 0
|6 338_910000000000000_LAP
|7 1
|9 70122
|a BRACUL
|b BRACUL
|c AAKC
|d 2022-03-13
|e Donated by Akbar Ali Khan
|l 0
|o 338.91 LAP
|p 3010038032
|r 2022-03-13
|t 1
|w 2022-03-13
|y BK
|